000 00917nam a2200253 i 4500
001 175535
003 ES-MaACL
005 20251019063055.0
007 t|
008 101104s1962 sp r ||||1| spa d
080 _a821.161.1 Dostoevskiï, Fiodor Mijaïlovich
100 1 _aDostoievski, Fiódor,
_d1821-1881
_9242371
245 1 0 _aDostoyevski :
_bestudio y antología /
_cpor Antonio Valverde.
260 _aMadrid :
_bCompañía Bibliográfica Española,
_c[1962]
300 _a156 p. ;
_c19 cm.
490 1 _aUn autor en un libro ;
_v4
504 _aBibliografía: p. 155-156.
600 1 4 _aDostoievski, Fiódor,
_d1821-1881-
_xCrítica e interpretación
_945459
700 1 _aValverde, Antonio.
_9113001
710 2 _aCompañía Bibliográfica Española.
_9171207
830 1 _aUn autor en un libro ;
_v4
_9182717
852 _aES-MaACL
_jE-13432
_xOlim P-651-bis
999 _c175535
_d175535